El funcionalismo en derecho penal: libro homenaje al profesor Günther Jakobs
Saved in:
| Hovedforfatter: | |
|---|---|
| Format: | Bog |
| Sprog: | spansk |
| Udgivet: |
Bogotá
Universidad Externado de Colombia
2003
|
| Udgivelse: | 1a. ed |
| Fag: | |
| Tags: |
Tilføj Tag
Ingen Tags, Vær først til at tagge denne postø!
|
MARC
| LEADER | 00000nam a2200000 a 4500 | ||
|---|---|---|---|
| 001 | UCK2946 | ||
| 003 | CL-VaPUC | ||
| 005 | 20220304161805.0 | ||
| 008 | 050401e20030000CK |||||||||||||||||spa|d | ||
| 999 | |c 312335 |d 312333 | ||
| 020 | |a 9586166929v.1 | ||
| 020 | |a 9586167690v.2 | ||
| 040 | |c Pontificia Universidad Católica de Valparaíso | ||
| 082 | 0 | 4 | |a 345.001 |b MON |2 21 |
| 100 | |a Montealegre Lynett, Eduardo |e autor |9 490976 | ||
| 245 | 1 | 3 | |a El funcionalismo en derecho penal: libro homenaje al profesor Günther Jakobs |
| 250 | |a 1a. ed | ||
| 260 | |a Bogotá |b Universidad Externado de Colombia |c 2003 | ||
| 300 | |a v | ||
| 583 | |a last modification |c 20050401 00:00:00 |k Rodrigo Vera | ||
| 600 | |a Jakobs, Günther |d 1937- |9 857963 | ||
| 650 | 0 | |a Filosofía del derecho |9 255050 | |
| 650 | 7 | |a DERECHO PENAL |2 CL-VaPUC |9 11 | |
| 650 | 0 | |a Jurisprudencia |9 255952 | |
| 650 | 0 | |a Ordenamiento jurídico |9 355371 | |
| 852 | |a BIBCUR | ||
| 942 | |c BK |2 ddc | ||
| 945 | |d 20050401 00:00:00 |a cmena | ||
| 952 | |0 0 |1 0 |4 0 |6 345_001000000000000_MON_2003 |7 0 |8 A |9 382438 |a BIBDER |b BIBDER |d 2019-11-21 |h v.1 |i 4105281 |l 2 |o 345.001 MON 2003 |p 4105281 |r 2024-07-18 |s 2024-07-18 |w 2019-11-21 |y BK |k DER | ||
| 952 | |0 0 |1 0 |4 0 |6 345_001000000000000_MON_2003 |7 0 |8 A |9 382439 |a BIBDER |b BIBDER |d 2019-11-21 |h v.2 |i 410529K |l 2 |o 345.001 MON 2003 |p 410529K |r 2024-07-18 |s 2024-07-18 |w 2019-11-21 |y BK |k DER | ||